ბათუმის შოთა რუსთაველის სახელმწიფო უნივერსიტეტის ბიბლიოთეკა

CC Chatterjee's Human Physiology : (ბიბ.ჩანაწერი № 58812)

000 -LEADER
fixed length control field 00757nam a22002177a 4500
005 - DATE AND TIME OF LATEST TRANSACTION
control field 20221105213938.0
008 - FIXED-LENGTH DATA ELEMENTS--GENERAL INFORMATION
fixed length control field 220916s2018 enk||||| |||| 00| 0 eng d
020 ## - INTERNATIONAL STANDARD BOOK NUMBER
International Standard Book Number 9789388902717 1
041 ## - LANGUAGE CODE
Language code of text/sound track or separate title eng
080 ## - UNIVERSAL DECIMAL CLASSIFICATION NUMBER
Universal Decimal Classification number 612 H-88
245 ## - TITLE STATEMENT
Title CC Chatterjee's Human Physiology :
Remainder of title Volume 1 /
Statement of responsibility, etc. Edited by Nitin Ashok John.
250 ## - EDITION STATEMENT
Edition statement Thirteenth edition
264 ## - PRODUCTION, PUBLICATION, DISTRIBUTION, MANUFACTURE, AND COPYRIGHT NOTICE
Place of production, publication, distribution, manufacture New Delhi :
Name of producer, publisher, distributor, manufacturer CBS Publishers & Distributors Pvt Ltd,
Date of production, publication, distribution, manufacture, or copyright notice 2018.
300 ## - PHYSICAL DESCRIPTION
Extent 110 p. :
Other physical details ill.;
Dimensions 28 cm.
653 ## - INDEX TERM--UNCONTROLLED
keyword ადამიანის ფიზიოლოგია
653 ## - INDEX TERM--UNCONTROLLED
keyword Физиология человека
653 ## - INDEX TERM--UNCONTROLLED
keyword მედიცინა
653 ## - INDEX TERM--UNCONTROLLED
keyword медицина
700 ## - ADDED ENTRY--PERSONAL NAME
Personal name Nitin, Ashok John
Relator term რედაქტორი
9 (RLIN) 14614
942 ## - ADDED ENTRY ELEMENTS (KOHA)
Source of classification or shelving scheme
Koha item type წიგნი
ეგზემპლარები
Withdrawn status Lost status Source of classification or shelving scheme Damaged status Not for loan Permanent Location Current Location Shelving location Date acquired Cost, normal purchase price Full call number Barcode Date last seen Copy number Price effective from Koha item type Public note
          ბათუმის შოთა რუსთაველის სახელმწიფო უნივერსიტეტის მთავარი ბიბლიოთეკა ბათუმის შოთა რუსთაველის სახელმწიფო უნივერსიტეტის მთავარი ბიბლიოთეკა წიგნსაცავი 2022-09-16 243.00 612 H-88 63052 2022-09-16 63052 2022-09-16 წიგნი 243 ლ.